مسابقة بلدان أوروبا - Statistics

الإحصائيات العامة
  • هذا الإختبار تم الخضوع له 469 مره
  • الدرجة المتوسطة هي 15 من 45
Answers on the Map
Answers color-coded by a green-red scale on the quiz's map according to % correct below.
 
إحصائيات الإجابة
Country % صحيح
فرنسا
90%
البرتغال
73%
ألمانيا
71%
ايطاليا
71%
إسبانيا
68%
روسيا
65%
سويسرا
64%
بلجيكا
58%
هولندا
58%
النرويج
57%
اليونان
54%
النمسا
46%
بولندا
44%
كرواتيا
43%
الدنمارك
43%
أوكرانيا
43%
فنلندا
41%
رومانيا
41%
صربيا
37%
بلغاريا
33%
سلوفاكيا
33%
ألبانيا
31%
لوكسمبورغ
30%
سلوفينيا
27%
سلوفينيا
27%
ايرلندا
25%
بيلاروسيا
24%
مالطا
24%
موناكو
23%
البوسنة و الهرسك
22%
هنغاريا
21%
لاتفيا
21%
ليتوانيا
17%
أيسلندا
16%
كوسوفو
16%
أندورا
14%
إستونيا
14%
الجبل الأسود
13%
مولدوفا
8%
ليختنشتاين
6%
مدينة الفاتيكان
6%
شمال مقدونيا
3%
ان مارينو
1%
المتحدة مملكة
1%
التشيكية جمهورية
0%
No matching quizzes found
توزيع النقاط
نسبة الأشخاص لكل درجة
النسبة وفقا للأرقام
سجل النقاط الخاصة بك
لم تضخع لهذا الإختبار